000 00379nam a22001697a 4500
005 20160629165745.0
008 160629b xxu||||| |||| 00| 0 eng d
020 _a81-7992-516-1
041 _aeng
082 _b10861
100 _aRavi, K.R.
_92595
245 _aThinking about thinking
260 _bJaico
_c2010
300 _a174
650 _aManagement
_9241
942 _cBK
999 _c4769
_d4767